000 00223nam a22000857a 4500
008 160915b xxu||||| |||| 00| 0 eng d
100 _9523
_aChandra.R.
245 _aMathematics Lab-7
260 _aNew Delhi
_bAPC. Publications
_c2011
999 _c3180
_d3180